| 000 | 02419cam a22004572u 4500 | ||
|---|---|---|---|
| 999 |
_c7515 _d7515 |
||
| 001 | 7515 | ||
| 003 | BD-JhCC | ||
| 005 | 20181006115941.0 | ||
| 008 | 080220s1940 xxu ||| bt ||| | eng d | ||
| 035 | _a(BD-JhCC)7515 | ||
| 040 |
_aericd _cericd _dMvI _dBD-JhCC |
||
| 041 | _aeng | ||
| 082 |
_bPLA 1940 _a510 |
||
| 091 | _amfm | ||
| 110 | 2 | _aNational Council of Teachers of Mathematics, Inc., Reston, VA. | |
| 245 | 1 | 4 |
_aThe Place of Mathematics in Secondary Education. National Council of Teachers of Mathematics / _cW. D. Reeve, Ed. |
| 260 |
_a[Washington, D.C.] : _bDistributed by ERIC Clearinghouse, _c1940. |
||
| 300 | _a267 p. | ||
| 500 |
_aAvailability: National Council of Teachers of Mathematics, Inc., 1906 Assocation Drive, Reston, Virginia 22091. _5ericd |
||
| 500 | _aEducational level discussed: Two Year Colleges. | ||
| 520 | _aThis yearbook is the final report of the Joint Commission of the Mathematical Assocation of America and the National Council of Teachers of Mathematics. The report contains discussions of the following: role of mathematics in civilization, general aims of modern education, general objectives for secondary education, place of mathematics in education, curriculum, one organization of instruction, a second curriculum plan, problems of retardation and acceleration, the junior college, evaluation of pupil progress, and teacher education. The major portion of the report is devoted to discussions of general principles. In several instances, such as programs of instruction, specific proposals are presented more in the form of acceptable possibilities rather than as the only answer. (LS) | ||
| 650 | 0 | 7 | _aAcceleration. |
| 650 | 0 | 7 | _aCultural Background. |
| 650 | 1 | 7 | _aCurriculum. |
| 650 | 0 | 7 | _aEducational Objectives. |
| 650 | 1 | 7 | _aEducational Principles. |
| 650 | 0 | 7 | _aEvaluation. |
| 650 | 0 | 7 | _aInstruction. |
| 650 | 1 | 7 | _aMathematics Education. |
| 650 | 0 | 7 | _aReference Materials. |
| 650 | 0 | 7 | _aReports. |
| 650 | 1 | 7 | _aSecondary School Mathematics. |
| 650 | 0 | 7 | _aTeacher Education. |
| 650 | 0 | 7 | _aTwo Year Colleges. |
| 650 | 1 | 7 | _aYearbooks. |
| 655 | 7 |
_aReports, Descriptive. _2ericd |
|
| 700 | 1 | _aReeve, W. D., | |
| 710 | 2 | _aNational Council of Teachers of Mathematics, Inc., Reston, VA. | |
| 942 |
_2ddc _cBK |
||